Etudes sur Victor Hugo
Uloženo v:
| Hlavní autor: | |
|---|---|
| Médium: | Kniha |
| Jazyk: | francouzština |
| Vydáno: |
París
Societe Generale de Librarie Catholique
1886
|
| Témata: | |
| Tagy: |
Přidat tag
Žádné tagy, Buďte první, kdo vytvoří štítek k tomuto záznamu!
|
MARC
| LEADER | 00000nam a2200000 a 4500 | ||
|---|---|---|---|
| 001 | UCY8260 | ||
| 003 | CL-VaPUC | ||
| 005 | 20210520001647.0 | ||
| 008 | 950703e18860000FR |||||||||||||||||fre|d | ||
| 999 | |c 235535 |d 235533 | ||
| 040 | |c Pontificia Universidad Católica de Valparaíso | ||
| 082 | 0 | 4 | |a 843.09 |b VEU |2 21 |
| 100 | 0 | |a Veuillot, Louis |e author |9 339516 | |
| 245 | 1 | 0 | |a Etudes sur Victor Hugo |
| 260 | |a París |b Societe Generale de Librarie Catholique |c 1886 | ||
| 300 | |a 369 p | ||
| 583 | |a last modification |c 19950703 00:00:00 |k Rodrigo Vera | ||
| 600 | |a Hugo, Victor |d 1802-1885 |9 858168 | ||
| 650 | 7 | |a NOVELA FRANCESA |2 CL-VaPUC |9 339517 | |
| 650 | 0 | |a Crítica literaria |9 269189 | |
| 650 | 0 | |a Crítica e interpretación |9 255042 | |
| 852 | |a BIBCUR | ||
| 942 | |c BK |2 ddc | ||
| 945 | |d 19950703 00:00:00 |a rbrito | ||
| 952 | |0 0 |1 0 |4 0 |6 843_090000000000000_VEU_1886 |7 0 |8 P |9 243032 |a BIBEDU |b BIBEDU |c BIBEDU_PB |d 2019-11-18 |i 3096262 |o 843.09 VEU 1886 |p 3096262 |r 2024-01-25 |w 2019-11-18 |y BK |k LIT | ||